The ultrastructure and hydrocarbons of Botryococcus braunii Kützing (Chlorophyceae).

Bibliographic Details
Main Author: Wolf, Fred Richard
Other Authors: Mollenhauer, Hilton (degree committee member.), Newton, Ronald (degree committee member.), Rizzo Peter (degree committee member.)
Format: Thesis Book
Language:English
Published: 1981.
Subjects:
Online Access:Link to ProQuest Copy
Link to OAKTrust copy

MARC

Tag First Indicator Second Indicator Subfields
LEADER 00000ctm a2200000Ia 4500
001 in00000091926
005 20220104090827.0
008 820601s1981 xx a bm 000 0 eng d
035 |9 AAK3475AM 
035 |a (OCoLC)08480071 
035 |a (OCoLC)8480071 
035 |a (OCoLC)ocm08480071 
040 |a TXA  |b eng  |c TXA  |d OCL  |d OCLCQ  |d UMI  |d OCLCO  |d TXA 
049 |a TXAM 
099 |a 1981  |a Dissertation  |a W853 
100 1 |a Wolf, Fred Richard. 
245 1 4 |a The ultrastructure and hydrocarbons of Botryococcus braunii Kützing (Chlorophyceae). 
264 1 |c 1981. 
300 |a xiii, 112 leaves :  |b illustrations ;  |c 29 cm 
336 |a text  |b txt  |2 rdacontent 
337 |a unmediated  |b n  |2 rdamedia 
338 |a volume  |b nc  |2 rdacarrier 
500 |a "Major subject: Botany." 
500 |a Typescript (photocopy). 
500 |a Vita. 
502 |b Ph. D. in Philosophy  |c Texas A & M University  |d 1981 
504 |a Includes bibliographical references (leaves 103-111). 
520 3 |a The ultrastructure of resting state colonies of Botryococcus braunii Kutzing from two localities is compared to active state colonies maintained in the laboratory. Qualitative hydrocarbon analyses confirmed the physiological status of each sample according to the precedent in the literature; resting state colonies contained botryococcenes, while active state colonies contained a predominance of straight-chain olefins. The ultrastructure of resting and active state colonies is fundamentally similar. The chloroplast of resting state cells contains fewer thylakoids and larger relative numbers of plastoglobuli than the chloroplast of active state cells maintained under favorable growth conditions. Previously undescribed phenomena include the cytochemical demonstration of polyphosphate bodies, microbody-like organelles and ER-ribosomal-mitochondrial complexes. Several new botryococcenes were identified by GC-MS in natural collections of Botryococcus: B30-6a-B33:6a and B35:6a. The mass spectra of the botryococcenes do not yield much structural information, however, they are quite distinct from spectra of the straight-chain olefins. The mass spectra of the hydrogenated derivatives of the botryococcenes (botryococcanes), in contrast, contain three distinctive molecular fragments: M-29, and the two other cleavage products induced by the quaternary carbon. The latter two fragments indicate for each of the homologues the part of the molecule to which the methyl groups are attached. The hydrocarbon fractions of natural collections of resting state colonies fell into three categories. Colonies from Lake Michigan contained B30:6-B32:6, while those from Australia included B34:6-B37:6 as previously reported by other investigators. The remainder of colonies contained green colonies which included olefins characteristic of active state colonies. This is the first report of a mixed population of physiological states from one locality validated by chemical analysis. The identification of major hydrocarbon components is necessary to determine physiological state. This requirement was first indicated by the report of botryococcenes in green colonies by Australian workers. Green colonies grown in another laboratory and analysed in this study also contained botryococcenes. 
650 0 |a Algae  |x Cytology. 
650 0 |a Algal blooms. 
650 0 |a Botyrococcus braunii. 
650 0 |a Cyanobacterial blooms. 
650 0 |a Hydrocarbons. 
650 0 |a Plankton blooms. 
650 4 |a Botany 
655 7 |a Academic theses  |2 lcgft 
700 1 |a Cox, Elenor R.,  |e degree supervisor. 
700 1 |a Mollenhauer, Hilton,  |e degree committee member. 
700 1 |a Newton, Ronald,  |e degree committee member. 
700 1 |a Rizzo Peter,  |e degree committee member. 
710 2 |a Texas A & M University,  |e degree granting institution. 
856 4 1 |u http://proxy.library.tamu.edu/login?url=http://proquest.umi.com/pqdweb?did=752446491&sid=1&Fmt=2&clientId=2945&RQT=309&VName=PQD  |z Link to ProQuest Copy  |t 0 
856 4 1 |u https://hdl.handle.net/1969.1/DISSERTATIONS-97007  |z Link to OAKTrust copy  |t 0 
994 |a C0  |b TXA 
999 f f |s 4749407a-4d67-3015-868c-4d5e77aa1c19  |i efb12566-b03b-336a-b076-c9211ea5b887  |t 0 
952 f f |p noncirc  |a Texas A&M University  |b J.J. Pickle Campus  |c High Density Repository  |s HDR  |d Remote Storage  |t 0  |e 1981 Dissertation W853  |h Other scheme  |i unmediated -- volume  |m A14841004109 
952 f f |a Texas A&M University  |b College Station  |c Electronic Resources  |s www_evans  |d Available Online  |t 0  |e 1981 Dissertation W853  |h Other scheme 
998 f f |a 1981 Dissertation W853  |t 0  |l Remote Storage 
998 f f |a 1981 Dissertation W853  |t 0  |l Available Online